Vidas paralelas

Kaydedildi:
Detaylı Bibliyografya
Yazar: Plutarco (Yazar)
Materyal Türü: Kitap
Dil:İspanyolca
Baskı/Yayın Bilgisi: Madrid Gredos 1985
Seri Bilgileri:Biblioteca Clásica Gredos, 77
Konular:
Online Erişim:Disponible Online
Etiketler: Etiketle
Etiket eklenmemiş, İlk siz ekleyin!

MARC

LEADER 00000nam a2200000 a 4500
001 UCP5498
003 CL-VaPUC
005 20220118120240.0
008 990910e19850000SP |||||||||||||||||spa|d
999 |c 283242  |d 283240 
040 |c Pontificia Universidad Católica de Valparaíso 
082 0 4 |a 920.02  |b PLU  |2 21 
100 0 |a Plutarco  |e author  |9 319084 
245 1 0 |a Vidas paralelas 
260 |a Madrid  |b Gredos  |c 1985 
300 |a v 
490 0 |a Biblioteca Clásica Gredos, 77 
500 |a v.1: Teseo y Romulo - Licurgo y Numa 
583 |a last modification  |c 19990910 00:00:00  |k Rodrigo Vera 
600 0 7 |a TESEO  |2 CL-VaPUC  |9 433943 
600 0 7 |a ROMULO  |2 CL-VaPUC  |9 433944 
600 0 |a Licurgo de Esparta  |d 800 A.C.-730 A.C.  |9 335209 
600 0 7 |a NUMA  |2 CL-VaPUC  |9 433945 
650 0 |a Biografías clásicas  |9 265901 
852 |a BIBCUR 
856 |u http://bibliografiadigital.pucv.cl.pucv.idm.oclc.org/index.php/bibliotecapucv/catalog/book/131  |y Disponible Online   |z  Solón pp. 91-171 
942 |c BK  |2 ddc 
945 |d 19990910 00:00:00  |a lriquelm 
952 |0 0  |1 0  |4 0  |6 920_020000000000000_PLU_1985  |7 0  |8 X  |9 326152  |a BIBHIS  |b BIBHIS  |d 2019-11-20  |h v.1  |i 1369717  |o 920.02 PLU 1985  |p 1369717  |r 2024-01-30  |w 2019-11-20  |y BK_X  |k HIS